[Event "SRB-chT2 East"]
[Site "Serbia"]
[Date "2007.10.14"]
[Round "6.3"]
[White "Stankovic, Dejan"]
[Black "Kostic, Dalibor"]
[Result "1/2-1/2"]
[WhiteElo "2226"]
[BlackElo "2053"]
[PlyCount "38"]
[EventDate "2007.09.09"]
[EventType "team"]
[EventRounds "11"]
[EventCountry "SRB"]
[SourceTitle "EXT 2012"]
[Source "ChessBase"]
[SourceDate "2011.11.24"]
[SourceVersion "1"]
[SourceVersionDate "2011.11.24"]
[SourceQuality "1"]
[WhiteTeam "Celin Kamen"]
[BlackTeam "Branicevo"]
[WhiteTeamCountry "SRB"]
[BlackTeamCountry "SRB"]

1. e4 e5 2. Nf3 Nc6 3. Bb5 a6 4. Ba4 Nf6 5. d4 exd4 6. 0-0 Be7 7. Re1 b5 8. e5 Nxe5 9. Rxe5 d6 10. Re1 bxa4 11. Nxd4 Bd7 12. Qf3 0-0 13. Nc6 Bxc6 14. Qxc6 Nd7 15. Qxa4 Bf6 16. Nd2 Nc5 17. Qc6 Re8 18. Ne4 Nxe4 19. Rxe4 d5 1/2-1/2

[Event "SRB-chT2 East"]
[Site "Serbia"]
[Date "2007.09.23"]
[Round "3.4"]
[White "Kostic, Dalibor"]
[Black "Stojanovic, Dusan"]
[Result "1/2-1/2"]
[WhiteElo "2053"]
[BlackElo "2176"]
[PlyCount "58"]
[EventDate "2007.09.09"]
[EventType "team"]
[EventRounds "11"]
[EventCountry "SRB"]
[SourceTitle "EXT 2012"]
[Source "ChessBase"]
[SourceDate "2011.11.24"]
[SourceVersion "1"]
[SourceVersionDate "2011.11.24"]
[SourceQuality "1"]
[WhiteTeam "Branicevo"]
[BlackTeam "Bor"]
[WhiteTeamCountry "SRB"]
[BlackTeamCountry "SRB"]

1. e4 e6 2. d4 d5 3. Nc3 dxe4 4. Nxe4 b6 5. Nf3 Bb7 6. Bd3 Nf6 7. Bg5 Nbd7 8. Qe2 Be7 9. Bxf6 Nxf6 10. Neg5 Nd5 11. Qd2 Bxg5 12. Nxg5 h6 13. Nf3 Qf6 14. Be4 0-0-0 15. c4 Nf4 16. Bxb7+ Kxb7 17. 0-0 Qf5 18. Qe3 Qg4 19. g3 Nh3+ 20. Kg2 Ng5 21. Rad1 Qxf3+ 22. Qxf3+ Nxf3 23. Kxf3 Rd6 24. Ke4 Rhd8 25. b4 c6 26. a4 f6 27. f4 R8d7 28. g4 Kc7 29. h4 Kd8 1/2-1/2